000
00201nam a22000977a 4500
999
_c
530775
_d
530775
040
_c
DLC
082
_a
704.42
_b
TAR
100
_a
Mustansar Hussain Tarar
_9
9703
245
_a
Chik Chok
942
_2
ddc
_c
BK